000 00621nam a2200217Ia 4500
005 20250326144656.0
008 250326s9999 xx 000 0 und d
020 _a978-0-470-35804-7
037 _aTextbook
040 _aFMSL
_beng
_cFMSL
041 _aeng
_2eng
084 _aX9W:8 P9
_qFMSL
100 _aHopkins B R
_9458478
245 0 _aNonprofit goverce : low, practice & trends
_cHopkins B R; Gross V C
260 _aNew Jersey
_bNew Jersey, John Wiley
_c2009
300 _a259p
365 _b3478.4295000000002
650 _aManagement
942 _cTB
_hX9W:8 P9
999 _c1304584
_d1304584